Guess the kpop idol pt3! (a bit harder version) - Statistics

General Stats
  • This quiz has been taken 141 times
  • The average score is 8 of 16
Answer Stats
Picture Answer % Correct
Winter
79%
Miyeon
75%
Julie
73%
Seungkwan
70%
Seonghwa
67%
Haerin
64%
Haewon
63%
Maki
49%
Theo
46%
Taeyong
42%
Minhyuk
40%
Gyuvin
39%
Yena
39%
Riwoo
35%
Yoon
33%
Koko
14%
No matching quizzes found
Score Distribution
Percent of People with Each Score
Percentile by Number Answered
Your Score History
You have not taken this quiz